000 nam a22 7a 4500
999 _c9394
_d9394
008 180516b ||||| |||| 00| 0 eng d
082 _22002
_aDFil 808.83
_bK13
100 _927910
_aMarites A. Khanser
245 _aSeverance/
_cKhanser, Marites A.
300 _apages 4-35;
_c12 cm
500 _aThe Mentor
650 0 _927911
_aMentor -- Fiction
650 0 _927912
_aPhilippines literature -- Fiction
942 _2ddc
_cDFIL